00906cam a2200241u 450000100060000000300080000600500170001400800390003103500190007004000330008904100080012208200210013010000320015124501470018326000720033030000210040250400200042360000320044365000480047565000680052370000390059170000340063020718BD-RjUL20211209000612.0140302s1964 enk 000 0 eng a(BD-RjUL)20780 aDLCcCarPdDLCdBD-RjULbeng aeng00a828.5b SPA 19641 aSpence, Joseph,d1699-1768.10aAnecdotes, observations and characters of books and men :bCollected from the conversation of Mr. Pope and other eminent persons of his time / a Carbondale; Ill. : bSouthern Illinois University Press,c©1964. a308 p. ;c26 cm. aIncludes index.10aPope, Alexander,d1688-1744 0aLiteraturexAnecdotesvEarly works to 1800. 0aAuthors, Englishy18th centuryvAnecdotesvEarly works to 1800.1 aSinger, Samuel Weller,d1783-1858.1 aDobrée, Bonamy,d1891-1974.